00305nam a2200121Ia 4500008004100000041000800041082001200049100002000061245001700081260004200098300003200140365001100172240624s9999 xx 000 0 und d aeng a823 DIC aDICKENS CHARLES aOLIVER TWIST c2008aOxfordbOxford University press alvii, : 480 : p. : cm. ; 19 cRSb32